header

Computational prospects of infinity (Record no. 20900)

MARC details
000 -LEADER
fixed length control field 01656nam a2200361Ia 4500
082 04 - DEWEY DECIMAL CLASSIFICATION NUMBER
Classification number 511.322
245 10 - TITLE STATEMENT
Title Computational prospects of infinity
260 ## - PUBLICATION, DISTRIBUTION, ETC. (IMPRINT)
Place of publication Singapore ;
-- Hackensack, NJ :
Name of publisher World Scientific,
Year of publication c2008.
300 ## - PHYSICAL DESCRIPTION
Number of Pages x, 253 p. :
Other physical details ill.
490 1# - SERIES STATEMENT
Series statement Lecture notes series / Institute for Mathematical Sciences, National University of Singapore ;
650 #0 - SUBJECT ADDED ENTRY--TOPICAL TERM
Topical Term Recursion theory
Topical Term Set theory
Topical Term Infinite
700 1# - ADDED ENTRY--PERSONAL NAME
Personal name Chong, C.-T.
856 40 - ELECTRONIC LOCATION AND ACCESS
Uniform Resource Identifier http://site.ebrary.com/lib/rucke/Doc?id=10698842

No items available.

© 2026 Rongo University
Contact us: librarian | system librarian | Rongo university